000
00245nam a2200109Ia 4500
999
_c
8005
_d
8005
020
_a
978-1861001207
100
_a
Grimes, Richard
245
0
_a
Beginning ATL 3 COM Programming
260
_a
India
_b
McGraw Hill
_c
2000
300
_a
724
942
_c
BK